Statystyki dla Państwo zaczynające się na Pa

Kliknij tutaj aby rozwiązać quiz!

Ogólne statystyki

  • Ten quiz został rozwiązany 102 razy
  • Średni wynik to 4 z 5

Statystyki odpowiedzi

#Państwo% Poprawnych
1Pakistan
88%
5Paragwaj
81%
3Panama
76%
2Palau
61%
4Papua-Nowa Gwinea
47%

Rozkład punktacji

Percentyl według liczby udzielonych odpowiedzi

Procent ludzi z każdym wynikiem

Twoja historia wyników

Nie rozwiązałeś tego quizu